|
|
|
|
| LEADER |
00000cas a2200000 a 4500 |
| 001 |
vtls001448530 |
| 003 |
SK-MaSNL |
| 005 |
20260228160649.0 |
| 008 |
180126d19uu19uuxo u| s 0 0 0slo |
| 035 |
|
|
|a SNK000403795
|
| 040 |
|
|
|a SNK
|b slo
|c SNK
|e AACR2
|
| 041 |
0 |
|
|a slo
|
| 043 |
|
|
|a e-xo---
|
| 044 |
|
|
|a xo
|c SK
|
| 072 |
|
7 |
|a 311
|x Štatistika
|2 konspekt
|
| 080 |
|
|
|a 311
|2 2011
|
| 080 |
|
|
|a (058)
|2 2011
|
| 080 |
|
|
|a (437.671)
|2 2011
|
| 245 |
0 |
0 |
|a Štatistická ročenka
|b okres Prešov
|
| 260 |
|
|
|a Prešov
|b Okresné oddelenie slovenského štatistického úradu
|
| 300 |
|
|
|a zv.
|
| 310 |
|
|
|a Periodicita nie je známa
|
| 650 |
0 |
7 |
|a štatistika
|2 SNKPH
|9 778
|
| 651 |
|
7 |
|a Prešov (Slovensko : okres)
|2 2 SNKPHgeo
|9 28797
|
| 655 |
|
7 |
|a ročenky
|2 SNKPH
|9 57146
|
| 910 |
|
|
|a snk
|
| 999 |
|
|
|c 3260
|d 5190
|
| 952 |
|
|
|0 0
|1 0
|4 0
|7 0
|8 5
|a SNK
|b SNK
|d 2003-01-28
|i snkF 20/2003
|l 0
|o snkČSD 1602/1981
|p 17A0372183
|r 2005-01-02 00:00:00
|w 2026-02-21
|y PREZ
|